000 00290nam a22001337a 4500
008 170908b xxu||||| |||| 00| 0 eng d
020 _a0471596302
041 _aeng
080 _a91
100 _a42
101 _aGEO
245 _aIN WATER PHOTOGRAPHY
_cMERTENS.L.E
942 _2udc
_cBK
999 _c26880
_d26880